000 nam a22 a 4500
999 _c348152
_d348152
003 BLK
005 20201007040641.0
008 200122b bu ||||| |||| 00| 0 bu d
020 _a9786190009528
040 _aBLK
041 _aBUL
_cBUL
080 _aПсихотерапия - Психодрама, лечение по системата на йогите, колективна психотерапия, терапевтично влияние на музиката, изкуство. Медитация - психотерапевтични аспекти. Самовнушение. Вж и 616.89
_b615.851
_z615.851
080 _aАлкохолизъм. Пиянство. Вж и 351.76 ; 613.81
_b178.1
_z178.1
100 _aКралев, Петър Василев
_eпърви автор
_91299
139 _aКралев, Петър Василев
_bК 89
245 _aПсихотерапия на алкохолизма
_bЧетиво за специалисти и за хора с алкохолен проблем
250 _a2. изд.
260 _9209936
_aВелико Търново
_bFaber
_c2019
300 _a212 с.
_bс ил., портр.
_c24 см
380 _a61
500 _a1. изд. 2008 Биогр. данни за авт. отбелязани на гърба на кор. Библиогр. след отд. гл.
650 0 _9302349
_aАлкохолизъм - психологични проблеми
653 7 _9194887
_aпсихотерапия
700 _9695
_aХаджийски, Минко
_eнауч. ред.
942 _cKNG
_n0
_s1
944 _aCR
_c2020-01-22
_kМоника Янева
_l2020-01-22